EG (Record no. 79962)

MARC details
000 -LEADER
fixed length control field 01096cab a22002415a 4500
001 - CONTROL NUMBER
control field L142891
008 - FIXED-LENGTH DATA ELEMENTS--GENERAL INFORMATION
fixed length control field 080317e20080315xxk 000 0 eng d
035 ## - SYSTEM CONTROL NUMBER
System control number (Sirsi) u142891
041 0# - LANGUAGE CODE
Language code of text/sound track or separate title eng
100 1# - MAIN ENTRY--PERSONAL NAME
Personal name Kivlehan, Noella Pio
245 00 - TITLE STATEMENT
Title EG
Remainder of title Leisure
260 ## - PUBLICATION, DISTRIBUTION, ETC.
Date of publication, distribution, etc. 2008
490 ## - SERIES STATEMENT
Series statement Estates Gazette
Volume/sequential designation (0810) 15 March 2008, 87-105()
520 ## - SUMMARY, ETC.
Summary, etc. Reports on forthcoming openings of low-budget chain easyHotels, as well as redesigns of their room styles. Warns that credit crunch fallout is affecting the wider hotel market as a viable investment proposition. Reports on the large number of bingo halls closing. Covers the effect of the credit crunch on pubs, and notes that a mass sell-off has not resulted. Describes problems for pubs and pub chains which have resulted from the smoking ban, including possible breaches of tenancy agreements.
590 ## - LOCAL NOTE (RLIN)
Local note KA
651 #4 - SUBJECT ADDED ENTRY--GEOGRAPHIC NAME
Geographic name United Kingdom
Chronological subdivision
690 ## - LOCAL SUBJECT ADDED ENTRY--TOPICAL TERM (OCLC, RLIN)
Topical term or geographic name as entry element PROPERTY-COMMERCIAL PROPERTY-LEISURE PROPERTY
700 1# - ADDED ENTRY--PERSONAL NAME
Personal name Payne, Joanne
700 1# - ADDED ENTRY--PERSONAL NAME
Personal name Harris, David
700 1# - ADDED ENTRY--PERSONAL NAME
Personal name Norman, Paul
700 1# - ADDED ENTRY--PERSONAL NAME
Personal name Balerdi, Andrew
942 ## - ADDED ENTRY ELEMENTS (KOHA)
Suppress in OPAC 0
Holdings
Withdrawn status Lost status Source of classification or shelving scheme Damaged status Not for loan Home library Current library Shelving location Date acquired Total Checkouts Full call number Barcode Date last seen Copy number Price effective from Koha item type
    Dewey Decimal Classification     London London Journal article 17/03/2008   L142891 142891-1001 06/08/2019 1 06/08/2019 Journal article